000
00319nam a2200121Ia 4500
008
220204s9999 xx 000 0 und d
082
_a
681.3(03)
_b
RAL
245
0
_a
Encyclopaedia of computer science
260
_a
New York
_b
Van Nostrand
_c
1976
650
_a
Computer science
700
_a
Ralston, Anthony
942
_c
BK
999
_c
36050
_d
36050